|
|
|
|
| LEADER |
01363nam a2200277 a 4500 |
| 001 |
1836 |
| 003 |
BD-DhAAL |
| 005 |
20151208112418.0 |
| 008 |
151124s1995 bg b 000 0 beno |
| 020 |
|
|
|a 9845600131 :
|c Tk95.00 ($5.00 U.S.)
|
| 040 |
|
|
|a DLC
|c DLC
|d BD-DhAAL
|
| 050 |
0 |
0 |
|a HC440.8
|b .A656 1995
|
| 082 |
|
|
|a 338.9549/2
|
| 100 |
0 |
|
|a মুহাম্মদ, আনু
|9 16526
|
| 245 |
1 |
0 |
|a বাংলাদেশের উন্নয়ন কি অসম্ভব? :
|b অস্থায়ী সরকার গঠিত ২৯টি টাস্কফোর্স রিপোর্টের পর্যালোচনা /
|c আনু মুহাম্মদ.
|
| 260 |
|
|
|a ঢাকা :
|b জাতীয় গ্রন্থ প্রকাশন,
|c ১৯৯৫.
|
| 300 |
|
|
|a ১২০ পৃ.;
|c ২২ সে.মি.
|
| 500 |
|
|
|a In Bengali.
|
| 504 |
|
|
|a Includes bibliographical references (p. 117-120).
|
| 520 |
|
|
|a Survey on reports of the task forces on Bangladesh development strategies for 1990s.
|
| 541 |
|
|
|e 1836
|
| 650 |
|
0 |
|a Economic development projects
|z Bangladesh.
|9 1835
|
| 651 |
|
0 |
|a Bangladesh
|x Economic policy.
|9 16527
|
| 942 |
|
|
|2 ddc
|c BK
|
| 999 |
|
|
|c 36366
|d 36366
|
| 952 |
|
|
|0 0
|1 0
|2 ddc
|4 0
|6 338_954900000000000_2_MUH
|7 0
|9 57190
|a SCL
|b SCL
|c GEN
|d 2015-12-08
|g 95.00
|l 0
|o 338.95492 MUH
|p 3020001836
|r 2015-12-08
|t 1
|w 2015-12-08
|y BK
|